[Event "Gibraltar Masters 2019"]
[Site "Caleta ENG"]
[Date "2019.01.28"]
[Round "7.28"]
[White "Krishna,CRG"]
[Black "Sethuraman,S"]
[Result "1-0"]
[WhiteElo "2469"]
[BlackElo "2665"]

1.d4 g6 2.Nf3 Bg7 3.e3 d6 4.c4 Nd7 5.Nc3 e5 6.Be2 Nh6 7.O-O O-O 8.Qc2 f5
9.dxe5 dxe5 10.Rd1 c6 11.b4 Nf7 12.e4 f4 13.c5 Qe7 14.Bb2 g5 15.Nd2 Nf6 16.Nc4 g4
17.Nd6 Be6 18.Nf5 Bxf5 19.exf5 Ng5 20.Rd6 Kh8 21.Bc4 a5 22.b5 cxb5 23.Bxb5 Rac8
24.Rad1 Nf7 25.Ba3 Ng5 26.Qb3 e4 27.c6 e3 28.Rd7 exf2+ 29.Kf1 Qe5 30.Re7 Qb8
31.Bd6 Qa7 32.Rxb7 Qe3 33.Re7 Qb6 34.Na4 Qd8 35.Bc5 Nfe4 36.Rxd8 Rfxd8 37.Rd7 Nd2+
38.Rxd2 Rxd2 39.Bxf2 f3 40.gxf3 Nxf3 41.Be2 Nxh2+ 42.Ke1 Rdd8 43.Bg3 Rxc6
44.Bxh2 Rc1+ 45.Kf2 Bd4+ 46.Kg2 g3 47.Bxg3 Rg8 48.Kf3 Re8 49.Bf4 Re1 50.Qd5 Bg7
51.f6  1-0

[Event "Gibraltar Masters 2019"]
[Site "Caleta ENG"]
[Date "2019.01.28"]
[Round "7.29"]
[White "Melkumyan,H"]
[Black "Barski,R"]
[Result "1-0"]
[WhiteElo "2660"]
[BlackElo "2458"]

1.e4 c5 2.Nc3 a6 3.Nf3 d6 4.d4 cxd4 5.Nxd4 Nf6 6.Be2 e5 7.Nf3 h6 8.O-O Be6
9.Be3 Nbd7 10.Nd2 Be7 11.a4 Qc7 12.a5 O-O 13.Re1 Rfc8 14.Nf1 Bf8 15.Qd2 Ng4
16.Rec1 Nxe3 17.Nxe3 g6 18.Ncd5 Qd8 19.Nc4 Bxd5 20.Qxd5 Rc5 21.Qd3 Rac8 22.Qb3 Qc7
23.Ne3 Nf6 24.Rd1 h5 25.c3 Nxe4 26.Bd3 Qc6 27.Bxe4 Qxe4 28.Nd5 Kg7 29.Qxb7 h4
30.h3 R8c7 31.Qb3 Rb5 32.Qxb5 axb5 33.Nxc7 d5 34.Rxd5  1-0

[Event "Gibraltar Masters 2019"]
[Site "Caleta ENG"]
[Date "2019.01.28"]
[Round "7.34"]
[White "Peralta,Fe"]
[Black "Cornette,Deimante"]
[Result "1/2-1/2"]
[WhiteElo "2580"]
[BlackElo "2448"]

1.d4 Nf6 2.c4 e6 3.Nf3 d5 4.Nc3 Bb4 5.e3 O-O 6.Bd2 b6 7.cxd5 exd5 8.Rc1 Re8
9.Bd3 Bf8 10.Ne5 Bb7 11.O-O c5 12.f4 Nc6 13.Bb5 Qd6 14.Be1 a6 15.Ba4 b5 16.Bc2 b4
17.Na4 cxd4 18.exd4 Ne4 19.Nc5 Nxc5 20.dxc5 Qe6 21.Ba4 a5 22.Bg3 Red8 23.f5 Qf6
24.Bxc6 Bxc6 25.Ng4 Qe7 26.f6 Qe6 27.Re1 Qf5 28.Re5 Qg6 29.Bh4 h6 30.Qd4 Bd7
31.Nf2 Bc6 32.Re3 Re8 33.Rg3 Qc2 34.Nd3 Qd2 35.Rxg7+ Kh8 36.Qg4 Qxd3 37.Rg8+ Kh7
38.Rg7+ Kh8 39.Bf2 Qe4 40.Rg8+ Kh7 41.Rg7+ Kh8 42.Qg3 Qe5 43.Rg8+ Kh7 44.Rg7+  1/2-1/2

[Event "Gibraltar Masters 2019"]
[Site "Caleta ENG"]
[Date "2019.01.28"]
[Round "7.108"]
[White "Spence,D"]
[Black "Teh,Wee Zhun"]
[Result "1/2-1/2"]
[WhiteElo "2143"]
[BlackElo "1818"]

1.e4 c6 2.d4 d5 3.Nd2 dxe4 4.Nxe4 Nf6 5.Nxf6+ exf6 6.c3 Bd6 7.Bd3 O-O 8.Qc2 Re8+
9.Ne2 h5 10.Bd2 Nd7 11.O-O-O Nf8 12.h4 Qa5 13.Kb1 Be6 14.Nc1 b5 15.f3 Qc7
16.g4 hxg4 17.fxg4 Bxg4 18.Rdf1 Bh5 19.Rhg1 Kh8 20.Bf5 c5 21.dxc5 Bxc5 22.Bf4 Qc6
23.Rg3 Ng6 24.Bd2 Bd6 25.Rgg1 Bc5 26.Rg3 Bd6 27.Rgg1 Bc5 28.Rh1 Rad8 29.Nb3 Bb6
30.Qc1 a5 31.Na1 Qg2 32.Rd1 Bxd1 33.Rxd1 Qf3 34.Bc2 Be3 35.Nb3 a4 36.Nd4 Bxd4
37.cxd4 Rc8 38.h5 Ne7 39.Rf1 Qd5 40.h6 Ng6 41.hxg7+ Kxg7 42.Bh6+ Kg8 43.Qd1 Rc4
44.Rxf6 Qxd4 45.Qxd4 Rxd4 46.Bxg6 fxg6 47.Rxg6+ Kh7 48.Rc6 Re2 49.Bc1 Rc4
50.Rh6+ Kg7 51.Rh1 Kf7 52.Rf1+ Ke6 53.Rd1 Kf5 54.a3 Kg4 55.Bd2 Kf3 56.Bc3 Ke4
57.Rd6 Rf2 58.Rf6 Rxf6 59.Bxf6 Kd3 60.Ka2 Kc2 61.Bg7 Rg4 62.Bc3 Rg3 63.Be5 Re3
64.Bd4 Rf3 65.Be5 Kd3 66.Bc3 Kc4 67.Be5 Rd3 68.Bf6 Rf3 69.Be7 Rb3 70.Bd6 Kd3
71.Be7 Kc2 72.Bf6 b4 73.axb4 Rxb4 74.Bg7 Rb3 75.Bf6 Kd3 76.Be7 Ke4 77.Bd6 Rf3
78.Be7 Rf7 79.Bd6  1/2-1/2

[Event "Gibraltar Masters 2019"]
[Site "Caleta ENG"]
[Date "2019.01.28"]
[Round "7.33"]
[White "Prithu,Gupta"]
[Black "Mikhalevski,V"]
[Result "1/2-1/2"]
[WhiteElo "2462"]
[BlackElo "2581"]

1.e4 e5 2.Nf3 Nc6 3.Bb5 a6 4.Ba4 Nf6 5.d3 b5 6.Bb3 Bc5 7.Nc3 d6 8.Nd5 h6
9.c3 Rb8 10.O-O O-O 11.h3 Nxd5 12.exd5 Ne7 13.d4 exd4 14.Nxd4 a5 15.a3 a4
16.Bc2 Bxd4 17.Qxd4 Bf5 18.Bxf5 Nxf5 19.Qd3 Qf6 20.Re1 Nh4 21.Bd2 Qg6 22.Qe4 Qxe4
23.Rxe4 Ng6 24.c4 Ne5 25.cxb5 Rxb5 26.Bc3 Ra8 27.Bxe5 dxe5 28.Rxe5 c6 29.Rc1 cxd5
30.Rc7 Rxb2 31.Rxd5 Rb3 32.Rdd7 Rf8 33.Ra7 Rxa3 34.Rd4 Ra1+ 35.Kh2 Ra2 36.Kg3 Rc8
37.Rdxa4 Rc3+ 38.f3 Rb2 39.Ra2  1/2-1/2

[Event "Gibraltar Masters 2019"]
[Site "Caleta ENG"]
[Date "2019.01.28"]
[Round "7.37"]
[White "Moroni,L"]
[Black "Buksa,N"]
[Result "1/2-1/2"]
[WhiteElo "2562"]
[BlackElo "2420"]

1.d4 d5 2.Bf4 Nf6 3.e3 e6 4.Nf3 Bd6 5.Nbd2 Bxf4 6.exf4 O-O 7.Bd3 c5 8.dxc5 Qc7
9.g3 Qxc5 10.O-O Nc6 11.c3 Qd6 12.Re1 b6 13.Qe2 Bb7 14.Nb3 a6 15.a3 Rfe8
16.Rad1 b5 17.h4 Rad8 18.Bb1 Qc7 19.Nbd4 Ne4 20.Qc2 g6 21.h5 Nxd4 22.Rxd4 Kg7
23.Qe2 Ba8 24.Red1 Nf6 25.Qe5 Qxe5 26.fxe5 Nd7 27.Re1 Nc5 28.Rh4 Rc8 29.Nd4 Bc6
30.g4 Bd7 31.f4 a5 32.Kf2 Na4 33.f5 gxf5 34.gxf5 Nxb2 35.Rf4 Kh8 36.Rg1 Rg8
37.fxe6 fxe6 38.Rf7 Rcf8 39.Rg7 Rxg7 40.Rxf8+ Rg8 41.Rf7 Rg7 42.Rf8+ Rg8
43.Rf7 Rg7 44.Rf8+  1/2-1/2

[Event "Gibraltar Masters 2019"]
[Site "Caleta ENG"]
[Date "2019.01.28"]
[Round "7.35"]
[White "Yuffa,D"]
[Black "Tokhirjonova,Gulrukhbegim"]
[Result "1-0"]
[WhiteElo "2578"]
[BlackElo "2446"]

1.Nf3 d5 2.g3 Bg4 3.Bg2 c6 4.O-O Nd7 5.d3 Ngf6 6.Nbd2 e5 7.e4 Bd6 8.h3 Bh5
9.exd5 cxd5 10.g4 Bg6 11.Nh4 O-O 12.Nb3 Be7 13.Re1 Re8 14.Nxg6 hxg6 15.g5 Nh5
16.h4 Nb6 17.Rxe5 Qc7 18.Re1 Bd6 19.Be3 Bh2+ 20.Kf1 Re5 21.Nd4 Rae8 22.Nf3 R5e7
23.Nxh2 Qxh2 24.Qg4 Nd7 25.Qh3 Qc7 26.c3 Ne5 27.Red1 Qa5 28.Kg1 Qb5 29.b3 Qa6
30.d4 Nd3 31.Qf3 Nb2 32.Rd2 Qa3 33.Rb1  1-0

[Event "Gibraltar Masters 2019"]
[Site "Caleta ENG"]
[Date "2019.01.28"]
[Round "7.36"]
[White "Hanley,C"]
[Black "Ju Wenjun"]
[Result "0-1"]
[WhiteElo "2452"]
[BlackElo "2575"]

1.e4 e6 2.d4 d5 3.Nc3 Nf6 4.Bg5 dxe4 5.Nxe4 Be7 6.Bxf6 gxf6 7.c3 f5 8.Nd2 Nd7
9.Ngf3 c5 10.Nc4 cxd4 11.Qxd4 Nf6 12.Qf4 Nd5 13.Qh6 Bf8 14.Qd2 Bg7 15.Nce5 Qc7
16.Bb5+ Kf8 17.c4 Nf6 18.O-O h6 19.Rad1 Ne4 20.Qf4 Kg8 21.Rfe1 Kh7 22.Ba4 f6
23.Nd3 Qxc4 24.Bb3 Qa6 25.Nh4 Rd8 26.Qe3 Bf8 27.Qe2 Bd7 28.f3 Ng5 29.Nf4 Qxe2
30.Rxe2 Bb5 31.Ree1 Bc5+ 32.Kh1 Bf2 33.Rxd8 Rxd8 34.Nxe6 Bxh4 35.g3 Rd2 36.Nxg5+ Bxg5
37.Re7+ Kh8 38.f4 Bc6+ 39.Kg1 Rg2+ 40.Kf1 Rxh2 41.Be6 Rxb2 42.a3 Rg2 43.fxg5 fxg5  0-1

[Event "Gibraltar Masters 2019"]
[Site "Caleta ENG"]
[Date "2019.01.28"]
[Round "7.40"]
[White "Solozhenkin,E"]
[Black "Santos Ruiz,Miguel"]
[Result "1-0"]
[WhiteElo "2427"]
[BlackElo "2543"]

1.e4 e5 2.Nf3 Nc6 3.Bb5 a6 4.Ba4 Nf6 5.O-O Nxe4 6.d4 b5 7.Bb3 d5 8.dxe5 Be6
9.Nbd2 Nc5 10.c3 Be7 11.Bc2 d4 12.Ne4 dxc3 13.Nxc5 Bxc5 14.Be4 Qd7 15.bxc3 Rd8
16.Qc2 Ne7 17.Bg5 Bd5 18.Bxd5 Qxd5 19.Rad1 Qc4 20.Rxd8+ Kxd8 21.Qf5 Qd5 22.Qg4 h6
23.Bxe7+ Kxe7 24.Qxg7 Rd8 25.Qf6+ Kd7 26.Qxa6 Bb6 27.a4 bxa4 28.Qxa4+ Kc8
29.c4 Qc5 30.Qa8+ Kd7 31.Rd1+  1-0

[Event "Gibraltar Masters 2019"]
[Site "Caleta ENG"]
[Date "2019.01.28"]
[Round "7.38"]
[White "Kadric,D"]
[Black "Horvath,Dominik"]
[Result "1/2-1/2"]
[WhiteElo "2545"]
[BlackElo "2417"]

1.e4 e5 2.Nf3 Nc6 3.Bc4 Bc5 4.c3 Nf6 5.d3 a6 6.O-O d6 7.Re1 Ba7 8.Bb3 O-O
9.h3 Be6 10.Bc2 d5 11.exd5 Nxd5 12.Nbd2 Nf4 13.Ne4 Ng6 14.Nfg5 Bd5 15.Qh5 h6
16.Nf3 Re8 17.Bd2 Nb8 18.d4 Nd7 19.dxe5 Ndxe5 20.Rad1 Nxf3+ 21.Qxf3 Qh4 22.Kh2 Re6
23.g3 Qe7 24.Bxh6 c6 25.Bg5 Bxe4 26.Qg4 Qc5 27.Be3 Qe7 28.Bg5 Bf3 29.Qxf3 Qxg5
30.Rxe6 fxe6 31.h4 Nxh4 32.Qe4 Bxf2 33.Qxh4 Qxh4+ 34.gxh4 Bxh4 35.Kh3 Bf6
36.Rd7 b5 37.Bb3 c5 38.Bxe6+ Kh7 39.Kg4 b4 40.Rc7 bxc3 41.bxc3 Bxc3  1/2-1/2

[Event "Gibraltar Masters 2019"]
[Site "Caleta ENG"]
[Date "2019.01.28"]
[Round "7.39"]
[White "Tomazini,Z"]
[Black "Kunin,V"]
[Result "1-0"]
[WhiteElo "2439"]
[BlackElo "2544"]

1.e4 c5 2.Nf3 Nc6 3.c3 Nf6 4.e5 Nd5 5.d4 cxd4 6.cxd4 d6 7.Bc4 dxe5 8.dxe5 Ndb4
9.Qxd8+ Kxd8 10.Na3 e6 11.Bf4 a6 12.O-O Bc5 13.Rac1 h6 14.Nb1 Ba7 15.Nc3 Ne7
16.Rfd1+ Bd7 17.a3 Nbc6 18.Ne4 Kc7 19.Nd6 b5 20.Be2 Raf8 21.a4 bxa4 22.Bxa6 Nd5
23.Bg3 Kb6 24.Bb5 Nb8 25.Nd4 Bxb5 26.N4xb5 Nc6 27.f3 Ka6+ 28.Nxa7 Nxa7 29.Rd4 Nb6
30.Bf2 Rb8 31.Ra1 Nc6 32.Rdxa4+ Nxa4 33.Rxa4+ Na5 34.b4 Rb5 35.Nxb5 Kxb5
36.Rxa5+ Kxb4 37.Ra7 Rc8 38.Be1+ Kc4 39.Rxf7 Kd3 40.Kf1  1-0

[Event "Gibraltar Masters 2019"]
[Site "Caleta ENG"]
[Date "2019.01.28"]
[Round "7.43"]
[White "Szczepkowska Horowska,K"]
[Black "Hjartarson,J"]
[Result "1/2-1/2"]
[WhiteElo "2426"]
[BlackElo "2530"]

1.d4 f5 2.g3 Nf6 3.Bg2 g6 4.c4 Bg7 5.Nf3 O-O 6.O-O d6 7.Nc3 c6 8.Re1 Ne4
9.Qc2 Nxc3 10.bxc3 e5 11.dxe5 dxe5 12.Ba3 Re8 13.e4 f4 14.Rad1 Qa5 15.Bb4 Qc7
16.Bd6 Qf7 17.c5 h6 18.gxf4 Qxf4 19.Re3 Nd7 20.Ne1 b6 21.Nd3 Qf7 22.Rf3 Qc4
23.Rg3 g5 24.Qb3 Qxb3 25.axb3 bxc5 26.Nxc5 Nf6 27.Bf1 Nh5 28.Bc4+ Kh7 29.Rgd3 Nf4
30.R3d2 Bg4 31.Ra1 Bf8 32.Bxf8 Rxf8 33.Nd7 Bxd7 34.Rxd7+ Kg6 35.Rd6+  1/2-1/2

[Event "Gibraltar Masters 2019"]
[Site "Caleta ENG"]
[Date "2019.01.28"]
[Round "7.41"]
[White "Ernst,S"]
[Black "Ladron de Guevara Pinto,P"]
[Result "1/2-1/2"]
[WhiteElo "2540"]
[BlackElo "2418"]

1.d4 d5 2.Nf3 Nf6 3.e3 c5 4.dxc5 Qa5+ 5.Nbd2 Qxc5 6.a3 a5 7.c4 dxc4 8.Nxc4 Nc6
9.e4 Ng4 10.Ne3 a4 11.Qd5 Qb6 12.Qb5 Qxb5 13.Bxb5 Nxe3 14.Bxe3 Bd7 15.Rc1 g6
16.Bd2 Bg7 17.Bc3 O-O 18.O-O Bxc3 19.Rxc3 Ra5 20.Bc4 Bg4 21.Ne1 Ne5 22.f3 Bd7
23.Be2 Rd8 24.Nc2 Raa8 25.Rc1 Rac8 26.Nb4 Rxc3 27.Rxc3 Be6 28.Nd3 Bc4 29.Nxe5 Bxe2
30.Rc7 Ba6 31.Rxe7 Rd1+ 32.Kf2 Rd2+ 33.Kg3 Rxb2 34.Nxf7 Rb3 35.e5 Rxa3 36.Nd6 Rd3
37.Kf4 a3 38.Kg5 a2 39.Re8+ Kg7 40.Re7+ Kg8 41.Re8+  1/2-1/2

[Event "Gibraltar Masters 2019"]
[Site "Caleta ENG"]
[Date "2019.01.28"]
[Round "7.42"]
[White "Puranik,A"]
[Black "Sukandar,I"]
[Result "1-0"]
[WhiteElo "2536"]
[BlackElo "2397"]

1.e4 e5 2.Nf3 Nc6 3.Bb5 a6 4.Ba4 Nf6 5.O-O Be7 6.Re1 b5 7.Bb3 O-O 8.d4 Nxd4
9.Nxd4 exd4 10.e5 Ne8 11.c3 dxc3 12.Nxc3 Bb7 13.Nd5 Bxd5 14.Qxd5 c6 15.Qe4 Bc5
16.Rd1 Qe7 17.Qf5 d5 18.exd6 Bxd6 19.Bg5 Qc7 20.Rac1 Bxh2+ 21.Kf1 Bd6 22.Bd5 Qc8
23.Qf3 Ra7 24.Bxc6 Rc7 25.Qd5 Bb4 26.a3 Ba5 27.Qc5 Qg4 28.Bd8 Qf4 29.b4 Nd6
30.Qxd6 Qxd6 31.Rxd6 Rxc6 32.Rcxc6 Bxd8 33.Rc8  1-0

[Event "Gibraltar Masters 2019"]
[Site "Caleta ENG"]
[Date "2019.01.28"]
[Round "7.98"]
[White "Pinho,P"]
[Black "Ramasindraibe,Girard"]
[Result "1-0"]
[WhiteElo "2205"]
[BlackElo "2129"]

1.d4 Nf6 2.c4 g6 3.Nc3 d5 4.Qb3 dxc4 5.Qxc4 Bg7 6.e4 Nfd7 7.Be3 O-O 8.Nf3 c6
9.Be2 a5 10.Qb3 b5 11.a4 b4 12.Nb1 e5 13.dxe5 Nxe5 14.Nxe5 Bxe5 15.Nd2 Bd4
16.O-O c5 17.Rfd1 Be6 18.Bc4 Bxe3 19.Qxe3 Qe7 20.Bxe6 fxe6 21.Rac1 Nd7 22.Nc4 Nf6
23.f3 Nh5 24.Ne5 Rad8 25.Rxd8 Qxd8 26.Nc6 Qh4 27.Qxc5 Nf4 28.Qc2 Qg5 29.Kh1 Rf7
30.Rg1 Rc7 31.Qc4 Qf6 32.e5 Qf8 33.Rd1 Nd5 34.Qb5 Qf5 35.Nd4 Qxe5 36.Qe8+ Kg7
37.Nxe6+ Kh6 38.Nxc7 Qxc7 39.Qf8+ Kh5 40.Rxd5+ g5 41.g4+  1-0

[Event "Gibraltar Masters 2019"]
[Site "Caleta ENG"]
[Date "2019.01.28"]
[Round "7.99"]
[White "Osuna Vega,E"]
[Black "Priyanka,Nutakki"]
[Result "1-0"]
[WhiteElo "2116"]
[BlackElo "2195"]

1.e4 e6 2.d4 d5 3.exd5 exd5 4.Nf3 Bd6 5.Bd3 Bg4 6.O-O Ne7 7.Re1 Nc6 8.c3 Qd7
9.b4 f6 10.a4 Nd8 11.Nbd2 Nf7 12.Nf1 O-O-O 13.Bb5 c6 14.Be2 Kb8 15.b5 g5
16.c4 c5 17.Ba3 Qc7 18.a5 Nf5 19.b6 Qc8 20.bxa7+ Kxa7 21.Qb3 Kb8 22.a6 Rd7
23.dxc5 Bxc5 24.Bxc5 Qxc5 25.Qa4 Rhd8 26.axb7 Rxb7 27.Reb1 N7d6 28.cxd5 Bxf3
29.Bxf3 Nd4 30.Qa8+ Kc7 31.Rxb7+ Nxb7 32.d6+ Nxd6 33.Ra7+ Kb6 34.Qxd8+ Kxa7
35.Qxf6 Ka6 36.h3 Ka5 37.Ne3 N6b5 38.Nd5 h6 39.Qd8+ Ka4 40.Bd1+ Ka3 41.Qa5+ Kb2
42.Qd2+ Ka3 43.Qa5+ Kb2 44.Qd2+ Ka3 45.Qd3+ Kb2 46.Ne3 Qc3 47.Qxc3+ Kxc3
48.Bh5 Nd6 49.g3 Kb4 50.Kg2 Kc5 51.Bg6 Kc6 52.Ng4 N6f5 53.Bxf5 Nxf5 54.Kf3 Kd6
55.Ne3 Ng7 56.Ke4 Ke6 57.f4 gxf4 58.gxf4 Kf6 59.h4 Ne8 60.f5 Nd6+ 61.Kf4 Nf7
62.Ng4+ Kg7 63.h5 Kh7 64.f6 Kg8 65.Kf5 Kh7 66.Ke6  1-0

[Event "Gibraltar Masters 2019"]
[Site "Caleta ENG"]
[Date "2019.01.28"]
[Round "7.100"]
[White "Waddington,M"]
[Black "Sanchez Jerez,E"]
[Result "0-1"]
[WhiteElo "2094"]
[BlackElo "2183"]

1.c4 e5 2.Nc3 Nc6 3.Nf3 f5 4.d4 e4 5.Ng5 Bb4 6.d5 Bxc3+ 7.bxc3 Na5 8.Bf4 Qf6
9.Qd4 h6 10.Bxc7 Qxd4 11.cxd4 Nxc4 12.e3 b5 13.Nh3 Bb7 14.Nf4 Ne7 15.d6 Nd5
16.Nxd5 Bxd5 17.a4 b4 18.Bxc4 Bxc4 19.a5 b3 20.Ra4 Bd5 21.Kd2 Kf7 22.Rb1 Ke6
23.a6 g5 24.Rc1 f4 25.Rc5 fxe3+ 26.Kxe3 Rhf8 27.Rb4 Rf5 28.Rxd5 Rxd5 29.Rxb3 Rf8
30.Rb2 h5 31.h3 g4 32.hxg4 hxg4 33.Kxe4 Rdf5 34.Rd2 Rf4+ 35.Ke3 Kd5 36.Ra2 Re4+
37.Kd3 Rxd4+ 38.Kc3 Rdf4 39.Ra5+ Kc6 40.Rg5 R8f5 41.Rg7 Ra4 42.Kb3 Re4 43.Kc3 Rxf2
44.Bb8 Rxg2 45.Bxa7 Ra4 46.Bb8 Rg3+ 47.Kc2 Ra2+ 48.Kb1 Rf2  0-1

[Event "Gibraltar Masters 2019"]
[Site "Caleta ENG"]
[Date "2019.01.28"]
[Round "7.101"]
[White "Weisbuch,U"]
[Black "Cholleti,S"]
[Result "1/2-1/2"]
[WhiteElo "2172"]
[BlackElo "2122"]

1.e4 c5 2.Nf3 d6 3.Bb5+ Nd7 4.d4 cxd4 5.Qxd4 a6 6.Bxd7+ Bxd7 7.Nc3 Rc8 8.O-O e5
9.Qd3 h6 10.a4 Nf6 11.Rd1 Be7 12.Nd2 Be6 13.Nf1 O-O 14.Ne3 Qc7 15.a5 Rfd8
16.Bd2 Qc6 17.Be1 Rd7 18.b3 Rdd8 19.f3 Bf8 20.Ra2 Be7 21.Ra4 Bf8 22.Raa1 Kh8
23.Ra2 Kg8 24.Kf1 Qe8 25.Qe2 Qc6 26.Qd3 Qe8 27.Bh4 g5 28.Be1 Qc6 29.Kg1 Qc7
30.g4 Kg7 31.Qe2 Be7 32.Na4 Rh8 33.Nb6 Rcd8 34.c4 h5 35.h3 hxg4 36.hxg4 Rh3
37.Kg2 Rdh8 38.Bg3 Qb8 39.Rg1 Qg8 40.Kf1 Qh7 41.Qf2 Bd8 42.Rd2 Bc7 43.b4 Qg8
44.Qe2 Qe8 45.Qd3 Bb8 46.Kg2 Qg8 47.Kf1 Qe8 48.Kg2 Qg8 49.Kf1 Qe8 50.Kg2  1/2-1/2

[Event "Gibraltar Masters 2019"]
[Site "Caleta ENG"]
[Date "2019.01.28"]
[Round "7.102"]
[White "Bopp,T"]
[Black "Semprun Martinez,F"]
[Result "1-0"]
[WhiteElo "2171"]
[BlackElo "2076"]

1.d4 Nf6 2.g3 g6 3.Bg2 d5 4.Nf3 Bg7 5.O-O O-O 6.c4 c6 7.Qb3 dxc4 8.Qxc4 Nbd7
9.Qc2 Re8 10.Rd1 Qb6 11.Nc3 e5 12.Na4 Qb5 13.h3 exd4 14.Nxd4 Qh5 15.g4 Qe5
16.f4 Qe7 17.Bf3 Ne4 18.Kg2 Ndf6 19.a3 Nd5 20.e3 Bd7 21.Bxe4 Qxe4+ 22.Qxe4 Rxe4
23.Nc5 Re7 24.Kf3 Be8 25.e4 Nc7 26.b4 Nb5 27.Bb2 Nd6 28.e5 Nc4 29.Bc3 Rd8
30.Nf5 Rxd1 31.Nxe7+ Kf8 32.Nxg6+ hxg6 33.Rxd1 b6 34.Ne4 Nxa3 35.Nd6 Nb5
36.Nxb5 cxb5  1-0

[Event "Gibraltar Masters 2019"]
[Site "Caleta ENG"]
[Date "2019.01.28"]
[Round "7.103"]
[White "Crespo,E"]
[Black "Burke,M"]
[Result "1-0"]
[WhiteElo "2169"]
[BlackElo "1994"]

1.e4 c5 2.Nf3 Nc6 3.d4 cxd4 4.Nxd4 d5 5.exd5 Qxd5 6.Be3 e6 7.Nc3 Bb4 8.Qg4 Qe5
9.Bb5 Bd7 10.O-O Bxc3 11.bxc3 Nf6 12.Qh4 O-O 13.Rab1 Nd5 14.Bd3 f5 15.Bd2 b6
16.Rfe1 Qf6 17.Bg5 Qg6 18.Be2 h6 19.Bd2 Rac8 20.Nf3 Nf6 21.Ba6 Rcd8 22.Bd3 Rfe8
23.Qc4 Na5 24.Qf4 Bc6 25.g3 Nh5 26.Qe3 Bd5 27.Ne5 Qf6 28.c4 Ba8 29.c5 f4
30.Qe2 f3 31.Qe3 Bc6 32.Bxa5 bxa5 33.Nxc6 Rd5 34.Be4  1-0

[Event "Gibraltar Masters 2019"]
[Site "Caleta ENG"]
[Date "2019.01.28"]
[Round "7.104"]
[White "Redondo Flores,D"]
[Black "Torres,Federico"]
[Result "0-1"]
[WhiteElo "1970"]
[BlackElo "2196"]

1.e4 e5 2.Nf3 d6 3.d4 Nd7 4.Bc4 c6 5.O-O Be7 6.dxe5 dxe5 7.Ng5 Bxg5 8.Qh5 Qe7
9.Qxg5 Ngf6 10.b3 b5 11.Ba3 b4 12.Bb2 h6 13.Qxg7 Rh7 14.Qg3 Nxe4 15.Qg8+ Nf8
16.Re1 f5 17.Rxe4 fxe4 18.Qg3 Be6 19.Nd2 Bxc4 20.Nxc4 Rg7 21.Qxe5 Qxe5 22.Bxe5 Re7
23.Bd6 Rd7 24.Bxb4 O-O-O 25.Kf1 Ne6 26.Ne5 Rd1+ 27.Rxd1 Rxd1+ 28.Ke2 Rh1
29.Nxc6 Nf4+ 30.Ke3 Nxg2+ 31.Kxe4 Rxh2 32.Kf3 Nh4+ 33.Kg3 Rh1 34.Ne7+ Kd7
35.Bc5 Ke6 36.c3 a6 37.a4 Nf5+ 38.Nxf5 Kxf5 39.b4 Rg1+ 40.Kh2 Ra1 41.a5 Rc1
42.Bd4 Kg4 43.b5 axb5 44.a6 Rc2 45.a7 Ra2 46.Kg2 h5 47.Bc5 Kf4 48.Kh3 Ke4
49.Kh4 Kd3 50.f4 Ke4 51.Kg5 h4 52.f5 h3 53.Bg1 Rxa7 54.f6 Ra2 55.f7 Rg2+
56.Kh4 h2  0-1

[Event "Gibraltar Masters 2019"]
[Site "Caleta ENG"]
[Date "2019.01.28"]
[Round "7.105"]
[White "Abdulraheem,Abdulrahman Akintoye"]
[Black "Kozarcanin,S"]
[Result "1-0"]
[WhiteElo "2224"]
[BlackElo "2048"]

1.d4 d5 2.c4 c6 3.cxd5 cxd5 4.Nc3 Nf6 5.Bf4 a6 6.e3 Nc6 7.Bd3 Bg4 8.f3 Bh5
9.Nge2 e6 10.Rc1 Bd6 11.O-O Bxf4 12.Nxf4 Bg6 13.Na4 Nd7 14.Qd2 O-O 15.Bxg6 hxg6
16.Rc2 Na5 17.b3 b5 18.Nc5 Ra7 19.Rfc1 Nb8 20.Ncxe6 fxe6 21.Nxe6 Qb6 22.Nxf8 Kxf8
23.Rc8+ Kf7  1-0

[Event "Gibraltar Masters 2019"]
[Site "Caleta ENG"]
[Date "2019.01.28"]
[Round "7.106"]
[White "Giulian,P"]
[Black "Hamer,M"]
[Result "1/2-1/2"]
[WhiteElo "2165"]
[BlackElo "2046"]

1.d4 Nf6 2.c4 e6 3.Nc3 d5 4.Nf3 Be7 5.Bf4 O-O 6.e3 c5 7.dxc5 Bxc5 8.Qc2 Nc6
9.a3 Qa5 10.Nd2 Be7 11.Bg3 d4 12.Nb3 Qd8 13.exd4 Nxd4 14.Nxd4 Qxd4 15.Rd1 Qb6
16.Be2 Bd7 17.O-O Rfd8 18.b4 a6 19.c5 Qa7 20.Bf3 Bc6 21.Bxc6 bxc6 22.Bh4 Nd5
23.Nxd5 Rxd5 24.Rxd5 exd5 25.Bg3 Bf6 26.Re1 g6 27.h3 Qb7 28.Qd2 Qb5 29.Bd6 Qc4
30.Qe2 Qxe2 31.Rxe2  1/2-1/2

[Event "Gibraltar Masters 2019"]
[Site "Caleta ENG"]
[Date "2019.01.28"]
[Round "7.107"]
[White "Gonzalez Gonzalez,A"]
[Black "Lochte,S"]
[Result "0-1"]
[WhiteElo "2160"]
[BlackElo "1868"]

1.e4 c5 2.Nf3 e6 3.d4 cxd4 4.Nxd4 a6 5.Bd3 Nf6 6.Be3 Qc7 7.Nd2 d5 8.c4 dxe4
9.Nxe4 Bb4+ 10.Nd2 Nc6 11.O-O O-O 12.N2f3 Bd6 13.Nxc6 Qxc6 14.Bg5 Be7 15.Qc2 h6
16.Bh4 Qc7 17.Qe2 Bd7 18.Ne5 Bc6 19.Rae1 Rad8 20.Nxf7 Rxf7 21.Bg6 Bb4 22.Bxf7+ Qxf7
23.Rd1 Re8 24.a3 Ba5 25.b4 Bc7 26.b5 axb5 27.cxb5 Bd5 28.Bg3 Ba5 29.Be5 Nd7
30.Bd4 Nb6 31.Qg4 e5 32.Be3 Be6 33.Qg3 Bc4 34.Bxb6 Bxb6 35.Rfe1 Rf8 36.Rd2 Ba5
37.Red1 Bxd2 38.Rxd2 Bxb5 39.Qxe5 Re8 40.Qa1 Qe6 41.Rd1 Qe2 42.Rb1 Bc6 43.h3 Qe4
44.f3 Qe3+ 45.Kh2  0-1

[Event "Gibraltar Masters 2019"]
[Site "Caleta ENG"]
[Date "2019.01.28"]
[Round "7.60"]
[White "Bjerre,Jonas Buhl"]
[Black "Fenollar Jorda,M"]
[Result "1-0"]
[WhiteElo "2422"]
[BlackElo "2342"]

1.e4 c6 2.d4 d5 3.e5 c5 4.dxc5 e6 5.Nf3 Bxc5 6.Bd3 Ne7 7.O-O Nbc6 8.a3 Ng6
9.b4 Bb6 10.Bb2 Nf4 11.c4 Nxd3 12.Qxd3 Ne7 13.Nc3 O-O 14.Rfd1 dxc4 15.Qxc4 Qc7
16.Qg4 Rd8 17.Rxd8+ Qxd8 18.Ne4 Qf8 19.Rd1 Nd5 20.Rd3 Bd7 21.Rxd5 exd5 22.Nf6+ Kh8
23.Nxd7 Qe7 24.h4 Rd8 25.Nxb6 axb6 26.Qd4 Qc7 27.Ng5 Rd7 28.Qd3  1-0

[Event "Gibraltar Masters 2019"]
[Site "Caleta ENG"]
[Date "2019.01.28"]
[Round "7.49"]
[White "Pigott,J"]
[Black "Krysa,L"]
[Result "1/2-1/2"]
[WhiteElo "2387"]
[BlackElo "2499"]

1.d4 Nf6 2.c4 g6 3.g3 Bg7 4.Bg2 d5 5.cxd5 Nxd5 6.Nf3 Nb6 7.Nc3 Nc6 8.e3 O-O
9.O-O e5 10.d5 Na5 11.e4 c6 12.Bg5 f6 13.Be3 cxd5 14.Bxb6 Qxb6 15.Nxd5 Qd8
16.Rc1 Nc6 17.Qa4 Bg4 18.Rc3 Kh8 19.h3 Bxf3 20.Rxf3 Nd4 21.Rd3 b5 22.Qd1 Rc8
23.Kh2 Rc5 24.f4 Qd6 25.fxe5 fxe5 26.Rd2 Rcc8 27.Rdf2 Rxf2 28.Rxf2 Rf8 29.Qf1 Kg8
30.h4 h5 31.Rxf8+ Qxf8 32.Qxf8+ Kxf8 33.Bf1 Bh6 34.Kg2 a5  1/2-1/2

[Event "Gibraltar Masters 2019"]
[Site "Caleta ENG"]
[Date "2019.01.28"]
[Round "7.47"]
[White "Arizmendi Martinez,J"]
[Black "Stewart,Ashley"]
[Result "1-0"]
[WhiteElo "2506"]
[BlackElo "2122"]

1.e4 c5 2.Nf3 g6 3.d4 cxd4 4.Nxd4 Nc6 5.c4 Nf6 6.Nc3 Nxd4 7.Qxd4 d6 8.f3 Bg7
9.Be3 O-O 10.Qd2 a5 11.Na4 Nd7 12.O-O-O Qc7 13.Kb1 b6 14.h4 Nc5 15.Nc3 f5
16.Bh6 fxe4 17.Bxg7 Kxg7 18.fxe4 Qb7 19.Qd4+ Kg8 20.h5 Ne6 21.Qe3 g5 22.h6 Qc6
23.Nd5 Rf7 24.Be2 Qc5 25.Qc3 Nf4 26.Bh5 Nxh5 27.Rxh5 e5 28.Rxg5+ Kh8 29.Rxe5 dxe5
30.Qxe5+ Kg8 31.Nf6+ Kh8 32.Rd8+ Qf8 33.Nd5+  1-0

[Event "Gibraltar Masters 2019"]
[Site "Caleta ENG"]
[Date "2019.01.28"]
[Round "7.48"]
[White "Tan Zhongyi"]
[Black "Doluhanova,E"]
[Result "1/2-1/2"]
[WhiteElo "2502"]
[BlackElo "2348"]

1.e4 e5 2.Nf3 Nc6 3.Bb5 Nf6 4.O-O Nxe4 5.d4 Nd6 6.Bxc6 dxc6 7.dxe5 Nf5 8.Qxd8+ Kxd8
9.Rd1+ Ke8 10.h3 Be7 11.Nc3 Nh4 12.Nxh4 Bxh4 13.Ne2 h5 14.Be3 a5 15.a4 Bd7
16.b3 Be7 17.Rd2 Rd8 18.Rad1 b6 19.c4 Bc8 20.Nd4 Bd7 21.Bf4 c5 22.Nc2 Be6
23.Ne3 Rxd2 24.Rxd2 g5 25.Bh2 g4 26.Nd5 Bxd5 27.cxd5 Rg8 28.Rd3 Kd7 29.hxg4 Rxg4
30.f4 f6 31.e6+ Kd8 32.f5 c4 33.bxc4 Rxc4 34.d6 cxd6 35.Bxd6 Rxa4 36.Bc5+ Ke8
37.Bxb6 Ra1+ 38.Kf2 Rb1 39.Bd4 Rb5 40.Rf3 a4 41.Rc3 Rxf5+ 42.Ke3 Rd5 43.Ke4 Rd6
44.Rc8+ Rd8 45.Rxd8+ Kxd8 46.Kf5 h4 47.Bb2 Ke8 48.Kg6 Kf8 49.Bc1 a3 50.Be3 a2
51.Bd4 Bd8 52.Kf5 Kg7 53.Bb2 Be7 54.Bc3 Kh6 55.Bb2 Kh5 56.Ba1 Bd8 57.Bd4 h3
58.gxh3 Kh4 59.Ke4 Kxh3 60.Kd3 f5 61.Kc2 f4 62.Kb2 Kg4 63.Kxa2 Kf5 64.Kb3 Kxe6
65.Kc4 Bh4 66.Kd3  1/2-1/2

[Event "Gibraltar Masters 2019"]
[Site "Caleta ENG"]
[Date "2019.01.28"]
[Round "7.31"]
[White "Moussard,J"]
[Black "Bilguun,Sumiya"]
[Result "1-0"]
[WhiteElo "2605"]
[BlackElo "2471"]

1.e4 c5 2.Nf3 e6 3.d4 cxd4 4.Nxd4 a6 5.Bd3 Bc5 6.Nb3 Be7 7.Qg4 g6 8.Qe2 d6
9.a4 Nf6 10.Bh6 Nc6 11.N1d2 e5 12.Nc4 Ng4 13.Bd2 O-O 14.a5 Be6 15.Nb6 Rb8
16.O-O Nf6 17.Bc4 Bxc4 18.Qxc4 Nd7 19.Nd5 Rc8 20.Qd3 Bg5 21.Rfd1 Bxd2 22.Rxd2 Re8
23.c3 Re6 24.Ne3 Na7 25.g3 Qf8 26.Ra4 Nb5 27.Rb4 Kg7 28.Kg2 Nc5 29.Qe2 Qe8
30.Rd5 Nxb3 31.Rxb3 Re7 32.Qd3 Rc6 33.Nc4 Re6 34.Rbxb5 axb5 35.Nxd6 Qa8 36.Nxb5 Re7
37.Nd6 Re6 38.b4 Qb8 39.Nb5 Re7 40.c4 h5 41.h4 b6 42.a6 Qa8 43.Rd7 Rxd7 44.Qxd7 Qc8
45.Qb7  1-0